Kimia : tingkatan 5 format terkini
| Main Author: | |
|---|---|
| Format: | Book |
| Published: |
Petaling Jaya :
Pearson Malaysia ,
2006
|
| Series: | Praktis Tutorial Kendiri
|
MARC
| LEADER | 00000cam a2200000 7i4500 | ||
|---|---|---|---|
| 001 | 0000066988 | ||
| 005 | 20161013.0 | ||
| 008 | 161013 | ||
| 020 | |a 9837438258 | ||
| 090 | 0 | 0 | |a R540 |b LOH |
| 100 | 1 | |a Loh Wai leng | |
| 245 | 1 | 0 | |a Kimia : |b tingkatan 5 format terkini |c Loh Wai Leng |
| 260 | |a Petaling Jaya : |b Pearson Malaysia , |c 2006 | ||
| 440 | |a Praktis Tutorial Kendiri | ||
| 999 | |a 0000907166 |b Book |c REFERENCE |e Cawangan Bandar Tenggara | ||
| 999 | |a 0000907167 |b Book |c REFERENCE |e Cawangan Bandar Tenggara | ||
| 999 | |a 0000907168 |b Book |c REFERENCE |e Cawangan Bandar Tenggara | ||